QCM Géographie #2 (niveau difficile) - Statistiques

Statistiques générales
  • Ce quiz a été pris 230 fois
    184 depuis la dernière actualisation
  • Le résultat moyen est 5 sur 10
Statistiques - réponses
Question Réponse % Correct
Quelle ancienne ville située en Jordanie est connue pour ses structures taillées dans la roche, notamment le célèbre Khazneh (le Trésor) ? Pétra
90%
Quelle mer borde la ville de Thessalonique en Grèce ? Mer Égée
70%
Quelle est la plus grande ville du monde située en dessous du niveau de la mer ? Amsterdam
67%
Le fleuve Amour sert de frontière naturelle entre la Russie et quel autre pays ? La Chine
53%
Quel est le point le plus bas de l'Afrique, situé dans la dépression de Danakil ? Lac Assal
47%
Le glacier Perito Moreno, l'un des seuls glaciers au monde en équilibre dynamique, se trouve dans quel pays ? Argentine
33%
Le mont Elbrouz est situé dans quel pays ? Russie
30%
Le parc national de Yellowstone, le premier parc national au monde, est principalement situé dans quel état américain ? Wyoming
30%
Quelle ville est située à la confluence des rivières Danube et Save ? Belgrade
20%
Quelle île du Pacifique Sud est le seul territoire français d'outre-mer à être situé dans l'hémisphère sud ? Wallis-et-Futuna
20%
Aucun quiz correspondant
Distribution des résultats
% des personnes avec chaque résultat
Percentile par nombre de réponses
Votre historique - résultats
Vous n’avez pas pris ce quiz depuis la dernière actualisation